| 000 | 00466nam a22001697a 4500 | ||
|---|---|---|---|
| 003 | MPLRDC | ||
| 005 | 20220104143201.0 | ||
| 008 | 210129b ||||| |||| 00| 0 eng d | ||
| 082 | _a859.6 DIS-8 v.62 | ||
| 100 | _a迪士尼画报中文版编辑委员会 | ||
| 245 |
_a迪士尼画报. 第六十二期 _c |
||
| 260 |
_a _b玉郎机构有限公司 _c1989 |
||
| 300 | _b平 | ||
| 490 | _a迪士尼画报;62 | ||
| 650 | _a儿童杂志 | ||
| 942 |
_cBK _o859.6 DIS-8 v.62 |
||
| 999 |
_c37437 _d37427 |
||